Quizzes
Events
Quiz Creation
Community
Videos
Private Events
Remove Ads
Sign In
Join for FREE
Feedback
Dark Mode
Quiz Categories
Sports
Geography
Music
Movies
Television
Just For Fun
Miscellaneous
History
Literature
Language
Science
Gaming
Entertainment
Religion
Holiday
For Kids
Quiz Lab
Recent
Popular Today
Quiz Kudos Today
Editor Picks
Curator Picks
Quizzes by...
Day
Popularity
Type
Ratings
Length
Year
Community
Subscriptions
Recent Discussions
Orange Saloon
Badges
Playlists
Quests
Create
Leaderboards
Showdown
Live 5
Trivia Bingo
Activity
Puzzle Library
Sporcle Events
Private Events
Virtual Trivia
Globe League
Become a Host
Pub Owners
SporcleCon
Opinionation
Our Games
Videos
Blog
Mobile Apps
Partnerships
Remove Ads and Go Orange
Feedback
Sports
Athletes
MLB
NBA
NHL
NFL
Soccer
Sports Teams
WWE
NCAA
Football
Premier League
Basketball
Baseball
Hockey
Golf
Tennis
Cricket
Rugby
Auto Racing
Olympics
World Cup
Sports
Athletes
MLB
NBA
NHL
NFL
Soccer
Sports Teams
WWE
NCAA
Football
Premier League
Basketball
Baseball
Hockey
Golf
Tennis
Cricket
Rugby
Auto Racing
Olympics
World Cup
Random Quiz
Search Sporcle
×
Quiz Lab
Quiz Lab
Sports
Golf
Type in answers that appear in a list
Type in answers that appear in a list
Classic
Best Score? Go Orange.
PGA Championship Top 10's of the 1980's Stats
Can you name the players to finish in the Top 10 of the PGA Championship from 1980 - 1989?
By
narb13
15m
120 Questions
471 Plays
471 Plays
471 Plays
Comments
Comments
Give Quiz Kudos
Give Quiz Kudos
-
- Ratings
hide this ad
Replay
Link that replays current quiz
Next Quiz
Link to next quiz in quiz playlist
You Got
0%
They Got
Avg Score
64%
Avg Friend Score
Upgrade to see
Score Distribution
Jump to the score distribution portion of the page
Score
0/120
Timer
15:00
0
Plays Today
Year
Answer
% Correct
1983
Jack Nicklaus
98.7%
1981
Jack Nicklaus
98.7%
1980
Jack Nicklaus
98.7%
1988
Greg Norman
97.9%
1986
Greg Norman
97.9%
1982
Greg Norman
97.9%
1981
Greg Norman
97.9%
1989
Nick Faldo
95.3%
1988
Nick Faldo
95.3%
1989
Tom Watson
94.7%
1985
Tom Watson
94.7%
1982
Tom Watson
94.7%
1980
Tom Watson
94.7%
1987
Nick Price
94.3%
1985
Nick Price
94.3%
1985
Lee Trevino
93.2%
1984
Lee Trevino
93.2%
1980
Lee Trevino
93.2%
1989
Payne Stewart
92.6%
1988
Payne Stewart
92.6%
1986
Payne Stewart
92.6%
1987
Seve Ballesteros
91.9%
1984
Seve Ballesteros
91.9%
1984
Gary Player
90.7%
1988
Tom Kite
89.6%
1987
Tom Kite
89.6%
1982
Tom Kite
89.6%
1981
Tom Kite
89.6%
1989
Ian Woosnam
89.2%
1988
Ray Floyd
85.8%
1982
Ray Floyd
85.8%
1985
Fred Couples
85.6%
1982
Fred Couples
85.6%
1987
Lanny Wadkins
85.4%
1987
Bobby Wadkins
85.4%
1985
Lanny Wadkins
85.4%
1984
Lanny Wadkins
85.4%
1982
Lanny Wadkins
85.4%
1986
Bob Tway
85.1%
1985
Hubert Green
84.9%
Year
Answer
% Correct
1983
Fuzzy Zoeller
84.5%
1981
Fuzzy Zoeller
84.5%
1984
Hal Sutton
84.3%
1983
Hal Sutton
84.3%
1988
Jeff Sluman
84.1%
1987
Larry Nelson
83.2%
1981
Larry Nelson
83.2%
1988
Paul Azinger
82.6%
1989
Curtis Strange
82%
1987
Curtis Strange
82%
1980
Curtis Strange
82%
1989
Craig Stadler
81.1%
1987
Ben Crenshaw
80.5%
1983
Ben Crenshaw
80.5%
1986
David Graham
77.7%
1981
Isao Aoki
76.6%
1985
Corey Pavin
75.2%
1984
Larry Mize
74.3%
1988
Mark O'Meara
74.1%
1982
Jerry Pate
73.9%
1980
Jerry Pate
73.9%
1984
Scott Simpson
71.8%
1983
Scott Simpson
71.8%
1989
Scott Hoch
69%
1987
Scott Hoch
69%
1980
Tom Weiskopf
67.3%
1987
David Frost
65%
1983
Jay Haas
64.1%
1982
Jay Haas
64.1%
1980
Bill Rogers
62.8%
1988
Tsuneyuki Nakajima
59.2%
1984
Tsuneyuki Nakajima
59.2%
1988
Steve Jones
57.7%
1984
Calvin Peete
56.1%
1982
Calvin Peete
56.1%
1989
Andy Bean
55.8%
1985
Andy Bean
55.8%
1985
Tze-Ming Chen
55.8%
1980
Andy Bean
55.8%
1980
Gil Morgan
51.6%
Year
Answer
% Correct
1989
Mike Reid
51.4%
1983
Mike Reid
51.4%
1987
Mark McCumber
51.2%
1986
Peter Jacobsen
50.7%
1986
Bruce Lietzke
50.7%
1985
Peter Jacobsen
50.7%
1983
Peter Jacobsen
50.7%
1983
Bruce Lietzke
50.7%
1981
Bruce Lietzke
50.7%
1980
Peter Jacobsen
50.7%
1988
Dan Pohl
49.9%
1983
Dan Pohl
49.9%
1981
Dan Pohl
49.9%
1987
Don Pooley
40.1%
1987
D.A. Weibring
36.7%
1986
D.A. Weibring
36.7%
1986
Jim Thorpe
35.5%
1988
Bob Gilder
30.4%
1982
Bob Gilder
30.4%
1981
Bob Gilder
30.4%
1989
Ed Fiori
24.4%
1984
Gary Hallberg
21.7%
1986
Mike Hulbert
18.5%
1980
Howard Twitty
16.8%
1984
Russ Cochran
16.3%
1986
Doug Tewell
16.1%
1983
Doug Tewell
16.1%
1982
Lon Hinkle
15.7%
1981
Keith Fergus
15.7%
1980
Lon Hinkle
15.7%
1989
Dave Rummells
15.3%
1988
Dave Rummells
15.3%
1988
Kenny Knox
13.8%
1984
Victor Regalado
12.3%
1985
Buddy Gardner
11.5%
1982
Jim Simons
11%
1980
Terry Diehl
11%
1983
John Fought
10.8%
1980
Bobby Walzel
10.8%
1983
Pat McGowan
10.2%
Quiz Playlist
Details
Report
Send in Message
Add To Playlist
Classic:
Type in answers that appear in a list
Last Updated: Feb 16, 2017
Quiz Scoreboard
CHALLENGE
Sign Up to Join the Scoreboard
Show All
Scores
Hide
Comments
May contain spoilers
Recently Published
College Basketball Coaching Resumes
by pancakes188
Sports
9m
Billboard Blitz: Fleetwood Mac
by CooCooCachoo
Music
15s
Presidents Visiting Landmarks
by Hejman
History
7m
More to Explore
Quiz From the Vault
Featured Blog Post
Where Did the Easter Bunny Come From?
hide this ad
You Might Also Like...
Tags
Golf Quiz
1980s
major
majors
PGA
Top 10
Today's Top Quizzes in Sports
Browse Sports
hide this ad
Today's Top Quizzes in Golf
Browse Golf
Top Contributed Quizzes in Sports
1
2022 World Cup Stars
2
Les meilleurs buteurs des matchs entre le PSG et l’OM
3
FIFA Club World Cup Champions
4
Les entraîneurs de l'OM et du PSG au 21e siècle
5
Criteria MLB: Left Handed Sluggers
6
AFC Teams Reveal (Wrong Answers Minefield)
7
5-to-1: UK Sports Teams
8
5-to-1: FBS Animal Nicknames
9
2023 MLB Unique Player Accomplishments
10
Name the Premier League winners with different clubs
Explore More
Trending Topics
Crossword
Kpop
Marvel
NBA
Anime
Harry Potter
Disney
WWE
NFL
Puzzle
The Office
Song
Soccer
Country
Pokémon
hide this ad
More By:
narb13
Quiz
Plays
Rating
Category
Featured
Created
Last 5 Playoff QBs for Each NFL Team
92,231
4.82
Sports
Jan 10, 2016
NBA Most Playoff Blocks (1990s)
33,544
4.59
Sports
May 12, 2015
MLB Runs Scored Leaders by Team (Season)
18,488
4.24
Sports
Mar 16, 2015
MLB - Last 10 Hall of Famers to play for each team
13,587
4.92
Sports
Oct 8, 2015
MLB - Last 10 MVP's to play for each team
12,539
4.84
Sports
Oct 10, 2015
Go to Creator's Profile
Score Distribution
Quiz Creator Spotlight
narb13
Follow
Send a Message
Quizzes Created
-
Created Quiz Play Count
-
More By This Creator
Popular Quizzes Today
1
Find the US States - No Outlines Minefield
2
Find the Countries of Europe - No Outlines Minefield
3
The Countries of the World
4
Find the US States
5
Risky Map Clicking: Biggest States A-Z
6
US States
7
Popular People in 1961
8
Movies - When Are They Set?
More Sports Quizzes
Italy's FIFA World Cup Opponents
Quiz Lab
Trending Quizzes
Risky Map Clicking: Least Populous States A-Z
1-10 Letter G Words
1-10 Letter F Words
Risky Map Clicking: Next State Alphabetically
Risky Map Clicking: Biggest States A-Z
Recently Updated
Leaping Animals
pecheneg
Reality TV Shows (A-Z)
bhenderson79
Rickey Henderson's Hall of Fame Teammates
pecheneg
Champions League XIs: Arsenal
pecheneg
Quick Pick: Celebrities in WWE's Hall of Fame
aduchscher
A-Z Keypad Blitz II
pecheneg
Multiple Oscar Actors
pecheneg
Mystery Phrase Blitz: Oscar 'Best Actors'
pecheneg
F. Scott Fitzgerald Novels
LTH
Pick 3 Villains
ddd62291
Trending Topics
Kpop
Harry Potter
Crossword
Anime
NBA
Disney
Marvel
Song
NFL
WWE
Pokémon
Soccer
Puzzle
The Office
Country
Your Account Isn't Verified!
In order to create a playlist on Sporcle, you need to verify the email address you used during registration. Go to your
Sporcle Settings
to finish the process.
Report this User
Report this user for behavior that violates our
Community Guidelines
.
Details:
Send Report
Go to the Sporcle.com Mobile Site →
Comments